| 000 | 00764nmc a2200277 a 4500 | ||
|---|---|---|---|
| 003 | AR-BaBNM | ||
| 005 | 20251128211758.0 | ||
| 008 | 106020s2005 ||||||||||||||000 | spa|| | ||
| 020 | _a987-21954-2-0 | ||
| 040 | _cAR-BaBNM | ||
| 245 | 1 | 0 |
_aHuellas de Derrida _bensayos pedagógicos no solicitados |
| 250 | _a1ª ed. | ||
| 260 |
_aBuenos Aires _bDel estante editorial _c2005 |
||
| 300 | 0 | _a149 p. | |
| 490 | 0 | _aImprontas | |
| 600 | 1 | 4 | _aDerrida, Jacques |
| 650 | 4 | _aFILOSOFIA DE LA EDUCACION | |
| 650 | 4 | _aPEDAGOGIA | |
| 653 | 0 | _aRELACION PEDAGOGICA | |
| 653 | 0 | _aSUJETO EDUCATIVO | |
| 653 | 0 | _aINSTITUCIONES EDUCATIVAS | |
| 700 | 1 |
_aSkliar, Carlos _ecompilador |
|
| 700 | 1 |
_aFrigerio, Graciela _ecompilador |
|
| 942 | _cBK | ||
| 998 | _cme-solo cat | ||
| 999 |
_c21070 _d21070 |
||